|
|
|
|
| LEADER |
00000nam0a2200000 4500 |
| 001 |
31307 |
| 005 |
20231030204418.0 |
| 010 |
|
|
|a 5821201128
|
| 035 |
|
|
|a (RuTPU)RU\TPU\book\31584
|
| 035 |
|
|
|a BOOK00031663
|
| 090 |
|
|
|a 31307
|
| 100 |
|
|
|a 20011209d2001 m y0rusy50 ca
|
| 101 |
0 |
|
|a rus
|
| 102 |
|
|
|a RU
|
| 105 |
|
|
|a y j 001zy
|
| 200 |
1 |
|
|a Мировая экономика
|e учебное пособие
|f А. В. Стрыгин
|g Российская академия социальных наук
|
| 210 |
|
|
|a Москва
|c Экзамен
|d 2001
|
| 215 |
|
|
|a 512 с.
|
| 320 |
|
|
|a Библиогр.: с. 510-511.
|
| 610 |
1 |
|
|a экономика
|
| 610 |
1 |
|
|a мировая экономика
|
| 610 |
1 |
|
|a мировое хозяйство
|
| 610 |
1 |
|
|a мировые рынки
|
| 610 |
1 |
|
|a страны мира
|
| 610 |
1 |
|
|a Россия
|
| 610 |
1 |
|
|a СНГ
|
| 610 |
1 |
|
|a транснациональные монополии
|
| 610 |
1 |
|
|a региональная экономика
|
| 610 |
1 |
|
|a история
|
| 610 |
1 |
|
|a теория
|
| 610 |
1 |
|
|a развивающиеся страны
|
| 610 |
1 |
|
|a развитые страны
|
| 610 |
1 |
|
|a торговля
|
| 610 |
1 |
|
|a валютно-финансовые отношения
|
| 610 |
1 |
|
|a кредитные отношения
|
| 610 |
1 |
|
|a экономические объединения
|
| 610 |
1 |
|
|a экономические организации
|
| 610 |
1 |
|
|a мирохозяйственные связи
|
| 610 |
1 |
|
|a 20 век
|
| 610 |
1 |
|
|a 21 век
|
| 610 |
1 |
|
|a учебные пособия
|
| 686 |
|
|
|a У5я73
|v LBC/SL-A
|2 rubbk
|
| 700 |
|
1 |
|a Стрыгин
|b А. В.
|g Андрей Вадимович
|
| 712 |
0 |
2 |
|a Российская академия социальных наук
|
| 801 |
|
0 |
|a RU
|b 63413507
|c 20011209
|g PSBO
|
| 801 |
|
2 |
|a RU
|b 63413507
|c 20220526
|g PSBO
|
| 942 |
|
|
|c BK
|